Finanční kontrola mzdových fondů

Uložené v:
Podrobná bibliografia
Médium: Kniha
Jazyk:Czech
Vydavateľské údaje: Praha Průmyslové vydavatelství 1950
Tagy: Pridať tag
Žiadne tagy, Buďte prvý, kto otaguje tento záznam!

MARC

LEADER 00000nam a2200000 4500
001 0307611
005 20250312130207.2
041 0 |a cze 
044 |a CZ 
245 1 0 |a Finanční kontrola mzdových fondů  |c P. A. Parfaňjak 
264 1 |a Praha  |b Průmyslové vydavatelství  |c 1950